Управление с помощью корпоративной культуры; Ресурсоэффективные системы в управлении и контроле: взгляд в будущее; Т. 2

מידע ביבליוגרפי
Parent link:Ресурсоэффективные системы в управлении и контроле: взгляд в будущее: сборник научных трудов IV Международной конференции школьников, студентов, аспирантов, молодых ученых, г. Томск. 5-10 октября 2015 г./ Национальный исследовательский Томский политехнический университет (ТПУ).— , 2015
Т. 2.— 2015.— [С. 30-33]
מחבר ראשי: Брянская Д. С.
מחבר תאגידי: Национальный исследовательский Томский политехнический университет (ТПУ) Институт неразрушающего контроля (ИНК) Кафедра физических методов и приборов контроля качества (ФМПК)
מחברים אחרים: Пушных В. А. Виктор Александрович (научный руководитель)
סיכום:Заглавие с титульного экрана
שפה:רוסית
יצא לאור: 2015
סדרה:Эффективные системы управления качеством
נושאים:
גישה מקוונת:http://earchive.tpu.ru/handle/11683/21907
פורמט: MixedMaterials אלקטרוני Book Chapter
KOHA link:https://koha.lib.tpu.ru/cgi-bin/koha/opac-detail.pl?biblionumber=616703

MARC

LEADER 00000naa2a2200000 4500
001 616703
005 20231101132925.0
035 |a (RuTPU)RU\TPU\conf\14954 
035 |a RU\TPU\conf\14953 
090 |a 616703 
100 |a 20160119d2015 k y0rusy50 ca 
101 0 |a rus  |e rus 
102 |a RU 
105 |a y z 101zy 
135 |a drgn ---uucaa 
181 0 |a i  
182 0 |a b 
200 1 |a Управление с помощью корпоративной культуры  |f Д. С. Брянская  |g науч. рук. В. А. Пушных 
203 |a Текст  |c электронный 
225 1 |a Эффективные системы управления качеством 
230 |a 1 компьютерный файл (pdf; 263 Kb) 
300 |a Заглавие с титульного экрана 
320 |a [Библиогр.: с. 33 (3 назв.)] 
337 |a Adobe Reader 
461 1 |0 (RuTPU)RU\TPU\conf\14149  |t Ресурсоэффективные системы в управлении и контроле: взгляд в будущее  |o сборник научных трудов IV Международной конференции школьников, студентов, аспирантов, молодых ученых, г. Томск. 5-10 октября 2015 г.  |o в 3 т.  |f Национальный исследовательский Томский политехнический университет (ТПУ)  |d 2015 
463 0 |0 (RuTPU)RU\TPU\conf\14154  |t Т. 2  |v [С. 30-33]  |d 2015 
610 1 |a труды учёных ТПУ 
610 1 |a электронный ресурс 
610 1 |a управление 
610 1 |a корпоративная культура 
610 1 |a коммуникации 
610 1 |a инновации 
700 1 |a Брянская  |b Д. С. 
702 1 |a Пушных  |b В. А.  |c специалист в области менеджмента  |c доцент Томского политехнического университета, кандидат технических наук  |f 1950-  |g Виктор Александрович  |2 stltpush  |4 727 
712 0 2 |a Национальный исследовательский Томский политехнический университет (ТПУ)  |b Институт неразрушающего контроля (ИНК)  |b Кафедра физических методов и приборов контроля качества (ФМПК)  |h 68  |2 stltpush  |3 (RuTPU)RU\TPU\col\18709 
801 2 |a RU  |b 63413507  |c 20160429  |g RCR 
856 4 |u http://earchive.tpu.ru/handle/11683/21907 
942 |c BK